000 00714nam a2200253Ia 4500
003 OSt
005 20220918205857.0
006 a|||||r|||| 00| 0
007 ta
008 220917b |||||||| |||| 00| 0 eng d
024 _a118,287
037 _cTextual
040 _aARTS
_cARTS
_beng
041 _2eng
_aeng
082 _aV6538.N6, K9-;3
100 _aCarbal Amilcar
_9116485
245 0 _aRevolution in Guinea
_b Selected and texts tr and ed by Richard Handyside
260 _aNew York
_bMonthly Review Press
_c1969
300 _a174p.
_ccm.
500 _aAppendix p169-174
650 _aHISTORY
942 _hV6538.N6, K9-;3
_cTEXL
_2CC
999 _c241557
_d241557